000 00335 a2200109 4500
001 ART_18407
005 20260410161701.0
008 260409a
245 1 0 _aLas facturas apócrifas como medio de la evasión agravada
100 1 _aHaddad, Jorge Enrique
773 0 _tRevista Impuestos
_g- Nº 2 (feb. 2013)
_wREV639
999 _c15218
_d15218